<?xml version="1.0" encoding="UTF-8"?>
<record
    xmlns:xsi="http://www.w3.org/2001/XMLSchema-instance"
    xsi:schemaLocation="http://www.loc.gov/MARC21/slim http://www.loc.gov/standards/marcxml/schema/MARC21slim.xsd"
    xmlns="http://www.loc.gov/MARC21/slim">

  <leader>02349cam a2200325 a 4500</leader>
  <controlfield tag="003">OSt</controlfield>
  <controlfield tag="005">20210907105607.0</controlfield>
  <controlfield tag="008">150304s2013    ck ad   r     001 0 spa d</controlfield>
  <datafield tag="020" ind1=" " ind2=" ">
    <subfield code="a">9789587613902</subfield>
  </datafield>
  <datafield tag="040" ind1=" " ind2=" ">
    <subfield code="a">CO-BoPUJ</subfield>
    <subfield code="c">CO-JMCR</subfield>
  </datafield>
  <datafield tag="041" ind1="0" ind2=" ">
    <subfield code="a">spa</subfield>
  </datafield>
  <datafield tag="082" ind1="0" ind2="4">
    <subfield code="a">338.1773</subfield>
    <subfield code="b">A121e</subfield>
    <subfield code="2">21</subfield>
  </datafield>
  <datafield tag="100" ind1="1" ind2=" ">
    <subfield code="a">Abaunza Osorio, Felipe,</subfield>
    <subfield code="e">autor </subfield>
    <subfield code="9">40068</subfield>
  </datafield>
  <datafield tag="245" ind1="1" ind2="0">
    <subfield code="a">Estrategias de inversi&#xF3;n para peque&#xF1;os caficultores colombianos : </subfield>
    <subfield code="b">una aproximaci&#xF3;n con din&#xE1;mica de sistemas / </subfield>
    <subfield code="c">Felipe Abaunza Osorio, Santiago Arango Aramburo y Yris Olaya Morales</subfield>
  </datafield>
  <datafield tag="250" ind1=" " ind2=" ">
    <subfield code="a">Primera edici&#xF3;n</subfield>
  </datafield>
  <datafield tag="260" ind1=" " ind2=" ">
    <subfield code="a">Bogot&#xE1; : </subfield>
    <subfield code="b">Universidad Nacional de Colombia,  </subfield>
    <subfield code="c">2013.</subfield>
  </datafield>
  <datafield tag="300" ind1=" " ind2=" ">
    <subfield code="a">123 p&#xE1;ginas : </subfield>
    <subfield code="b">ilustraciones, diagramas, gr&#xE1;ficas en blanco y negro ; </subfield>
    <subfield code="c">24 cm.</subfield>
  </datafield>
  <datafield tag="490" ind1="0" ind2=" ">
    <subfield code="a">Colecci&#xF3;n Comisi&#xF3;n Bicentenario </subfield>
  </datafield>
  <datafield tag="504" ind1="0" ind2=" ">
    <subfield code="a">Bibliogr&#xE1;ficas : p&#xE1;ginas 105-110 e &#xED;ndice.</subfield>
  </datafield>
  <datafield tag="505" ind1="0" ind2=" ">
    <subfield code="a">Antecedentes. -- Cultivo de caf&#xE9;. -- Estrategias de inversi&#xF3;n para caficultores. -- Metodolog&#xED;a. -- Modelo de din&#xE1;mica de sistemas. -- An&#xE1;lisis de resultados. -- Micromundo para el estudio de estrategias. </subfield>
  </datafield>
  <datafield tag="520" ind1="0" ind2=" ">
    <subfield code="a">EI caf&#xE9; en Colombia ha sido un negocio de larga tradici&#xF3;n cultural y econ&#xF3;mica que proporciona sustento a m&#xE1;s de medio mill&#xF3;n de caficultores y sus familias. Sin embargo, la gran mayor&#xED;a de los productores de caf&#xE9; en Colombia cultiva menos de cinco hect&#xE1;reas y es cada vez m&#xE1;s vulnerable a m&#xFA;ltiples factores externos. Estrategias como la diferenciaci&#xF3;n y la disminuci&#xF3;n de costos, son alternativas para enfrentar aspectos como la volatilidad en el precio del caf&#xE9; y factores clim&#xE1;ticos, los cuales son fuente de incertidumbre para el manejo de las parcelas y las decisiones de inversi&#xF3;n de los caficultores. En vista de que en la vida diaria es dif&#xED;cil aplicar una estrategia y modificarla a partir de experiencias pasadas, este libro propone acelerar el proceso de an&#xE1;lisis y aprendizaje por medio de modelos de simulaci&#xF3;n.</subfield>
  </datafield>
  <datafield tag="650" ind1="1" ind2="4">
    <subfield code="a">Industria del caf&#xE9;</subfield>
    <subfield code="z">Colombia</subfield>
    <subfield code="9">13510</subfield>
  </datafield>
  <datafield tag="650" ind1="2" ind2="4">
    <subfield code="a">Caf&#xE9;</subfield>
    <subfield code="x">Comercio</subfield>
    <subfield code="z">Colombia</subfield>
    <subfield code="9">40069</subfield>
  </datafield>
  <datafield tag="650" ind1="2" ind2="4">
    <subfield code="a">Consumo de caf&#xE9;</subfield>
    <subfield code="z">Colombia</subfield>
    <subfield code="9">40070</subfield>
  </datafield>
  <datafield tag="650" ind1="2" ind2=" ">
    <subfield code="a">Caf&#xE9;</subfield>
    <subfield code="x">Costos de producci&#xF3;n</subfield>
    <subfield code="z">Colombia</subfield>
    <subfield code="9">40071</subfield>
  </datafield>
  <datafield tag="700" ind1="1" ind2=" ">
    <subfield code="a">Arango Aramburo, Santiago</subfield>
    <subfield code="e">autor</subfield>
    <subfield code="9">40072</subfield>
  </datafield>
  <datafield tag="700" ind1="1" ind2=" ">
    <subfield code="a">Olaya Morales, Yris</subfield>
    <subfield code="e">autora </subfield>
    <subfield code="9">40073</subfield>
  </datafield>
  <datafield tag="942" ind1=" " ind2=" ">
    <subfield code="2">ddc</subfield>
    <subfield code="c">BK</subfield>
  </datafield>
  <datafield tag="999" ind1=" " ind2=" ">
    <subfield code="c">12371</subfield>
    <subfield code="d">12371</subfield>
  </datafield>
  <datafield tag="952" ind1=" " ind2=" ">
    <subfield code="0">0</subfield>
    <subfield code="1">0</subfield>
    <subfield code="2">ddc</subfield>
    <subfield code="4">0</subfield>
    <subfield code="7">0</subfield>
    <subfield code="a">CPL</subfield>
    <subfield code="b">CPL</subfield>
    <subfield code="c">GEN</subfield>
    <subfield code="d">2018-04-15</subfield>
    <subfield code="e">Donaci&#xF3;n</subfield>
    <subfield code="o">338.1773 / A121e</subfield>
    <subfield code="p">430005373</subfield>
    <subfield code="r">2024-05-16 00:00:00</subfield>
    <subfield code="t">Ej.1</subfield>
    <subfield code="w">2021-03-10</subfield>
    <subfield code="y">BK</subfield>
  </datafield>
</record>
